000 00628nam a22001937a 4500
999 _c195874
_d195874
005 20230508115315.0
010 _aUR-11964
020 _c250.00
035 _aU-10519
037 _bDBAD/PUB
082 _a841
100 _aعا ر ف خور شید
245 _aعا لم گیر ادب /
_cعا ر ف خور شید
246 _aAalamgeer Adab /
_bby Arif Khursheed
260 _aAurangabad
_bNawa-e-Deccan Publications
_c2014 ء
270 _aIn front of Mastan Function Hall, Majnu Hills, Rasheedpura
_bAurangabad
_e431001
300 _a683 ص
_c21cm(pbk)
_bcol. ill.
942 _2ddc
_cUR
_h841
_mع ا ر